Capitale Europene - Statistics

General Stats
  • This quiz has been taken 2,711 times
  • The average score is 26 of 46
Answer Stats
Hint Answer % Correct
Franta Paris
75%
Spania Madrid
74%
Italia Roma
73%
Germania Berlin
71%
Romania Bucuresti
71%
Ucraina Kiev
71%
Moldova Chișinău
70%
Rusia Moscova
69%
Grecia Atena
68%
Marea Britanie(UK) Londra
68%
Bulgaria Sofia
68%
Vatican Vatican
67%
Monaco Monaco
65%
Norvegia Oslo
65%
San Marino San Marino
65%
Austria Viena
64%
Portugalia Lisabona
63%
Olanda Amsterdam
62%
Polonia Varșovia
62%
Turcia Ankara
61%
Ungaria Budapesta
61%
Irlanda Dublin
60%
Cehia Praga
59%
Danemarca Copenhaga
57%
Suedia Stockholm
57%
Croatia Zagreb
57%
Belarus Minsk
56%
Letonia Riga
55%
Elvetia Berna
54%
Belgia Bruxelles
54%
Finlanda Helsinki
54%
Serbia Belgrad
53%
Albania Tirana
52%
Bosnia si Herzegovina Sarajevo
47%
Malta Valletta
47%
Slovacia Bratislava
46%
Estonia Tallinn
44%
Lituania Vilnius
44%
Liechtenstein Vaduz
43%
Macedonia Skopje
42%
Muntenegru Podgorița
41%
Islanda Reykjavik
38%
Slovenia Ljubljana
37%
Azerbaidjan Baku
24%
Georgia Tbilisi
22%
Armenia Erevan
19%
No matching quizzes found
Score Distribution
Percent of People with Each Score
Percentile by Number Answered
Your Score History
You have not taken this quiz